| 000 | 00516nam a22001817a 4500 | ||
|---|---|---|---|
| 003 | CEME | ||
| 005 | 20210628203641.0 | ||
| 008 | 210121b xxu||||| |||| 00| 0 eng d | ||
| 020 | _a81-307-0614-8 | ||
| 040 | _cceme | ||
| 082 | _a341 BRI | ||
| 100 |
_aBrierly, J.L _966710 |
||
| 245 | _aThe law of nations, an introduction to the international law of peace | ||
| 260 |
_aNEW DELHI _bCOSMO PUBLICATIONS _c2007 |
||
| 300 | _a227 P | ||
| 650 |
_aLAW OF NATIONS.INTERNATIONAL LAW OF PEACE _966711 |
||
| 942 |
_cBK _2ddc |
||
| 999 |
_c574630 _d574630 |
||